LIBRARY & INFORMATION CENTRE, KCAET, TAVANUR

ONLINE PUBLIC ACCESS CATALOGUE (OPAC)

Ceramics for the artist potter Part-1,2 / (Record no. 7903)

MARC details
000 -LEADER
fixed length control field 00490cam a2200193ua 4500
041 ## - LANGUAGE CODE
Language code of text/sound track or separate title eng
082 ## - DEWEY DECIMAL CLASSIFICATION NUMBER
Classification number 666
Item number NOR/CE
100 ## - MAIN ENTRY--AUTHOR NAME
Personal name Norton, F.H .
245 ## - TITLE STATEMENT
Title Ceramics for the artist potter Part-1,2 /
260 ## - PUBLICATION, DISTRIBUTION, ETC. (IMPRINT)
Place of publication London :
Name of publisher Addison-Wesley Publishing Company ,
Year of publication 1956.
300 ## - PHYSICAL DESCRIPTION
Number of Pages 320 ; .
500 ## - GENERAL NOTE
General note **Reference
942 ## - ADDED ENTRY ELEMENTS (KOHA)
Koha item type Books
Holdings
Withdrawn status Lost status Damaged status Home library Current library Shelving location Date acquired Full call number Accession Number Koha item type
      KAUAET KAUAET General Stacks 07/04/2012 666 11578 Books
      KAUAET KAUAET   07/04/2012 666 12074 Books
free website counter